[Event "SWE-ch Masters"]
[Site "Uppsala"]
[Date "2022.07.05"]
[Round "4"]
[White "Johnson, Daniel"]
[Black "Johansson, Thomas1111"]
[Result "1-0"]
[WhiteElo "2191"]
[BlackElo "2231"]
[PlyCount "70"]
[EventDate "2022.07.02"]
[EventType "swiss"]
[EventRounds "9"]
[EventCountry "SWE"]
[SourceTitle "EXT 2024"]
[Source "ChessBase"]
[SourceDate "2023.10.10"]
[SourceVersion "1"]
[SourceVersionDate "2023.10.10"]
[SourceQuality "1"]

1. d4 Nf6 2. c4 g6 3. f3 Bg7 4. e4 d6 5. Nc3 0-0 6. Nge2 c5 7. d5 e6 8. Ng3 exd5 9. cxd5 Nh5 10. Nxh5 gxh5 11. Bf4 a6 12. a4 f5 13. Qd2 Qf6 14. g3 Nd7 15. Bd3 Ne5 16. 0-0 Qg6 17. exf5 Bxf5 18. Bxf5 Qxf5 19. Bxe5 Bxe5 20. Rae1 Rae8 21. Ne4 Bd4+ 22. Kg2 Qg6 23. b4 Re7 24. bxc5 dxc5 25. d6 Rg7 26. Nxc5 Bxc5 27. Qd5+ Qf7 28. Qxc5 Qa2+ 29. Rf2 Qxa4 30. Re7 Qb5 31. Rxg7+ Kxg7 32. Qd4+ Kg6 33. d7 Rd8 34. Rd2 Qf5 35. Qb6+ Kf7 1-0

[Event "SWE-ch Masters"]
[Site "Uppsala"]
[Date "2022.07.04"]
[Round "3"]
[White "Hammarstrom, Ulf"]
[Black "Johnson, Daniel"]
[Result "1/2-1/2"]
[WhiteElo "2233"]
[BlackElo "2191"]
[PlyCount "64"]
[EventDate "2022.07.02"]
[EventType "swiss"]
[EventRounds "9"]
[EventCountry "SWE"]
[SourceTitle "EXT 2024"]
[Source "ChessBase"]
[SourceDate "2023.10.10"]
[SourceVersion "1"]
[SourceVersionDate "2023.10.10"]
[SourceQuality "1"]

1. Nf3 d5 2. e3 Nf6 3. c4 e6 4. Nc3 Be7 5. b3 0-0 6. Bb2 b6 7. cxd5 Nxd5 8. Nxd5 Qxd5 9. Qc2 Ba6 10. Qxc7 Bxf1 11. Qxe7 Nc6 12. Qg5 Qxg5 13. Nxg5 Ba6 14. Bc3 h6 15. Nf3 Rfc8 16. Kd1 Rc7 17. Rc1 Rac8 18. Be5 Nxe5 19. Rxc7 Rxc7 20. Nxe5 f6 21. Nc4 Bxc4 22. bxc4 Rxc4 23. Ke2 Kf7 24. Kd3 b5 25. Rb1 a6 26. Rb3 Ra4 27. a3 Ke7 28. Kc2 Kd6 29. Rd3+ Kc7 30. Rc3+ Kd6 31. Rd3+ Kc7 32. Rc3+ Kd6 1/2-1/2

[Event "Norrkoeping Easter op"]
[Site "Norrkoeping"]
[Date "2022.04.16"]
[Round "5"]
[White "Johnson, Daniel"]
[Black "Liden, Tommy"]
[Result "1-0"]
[WhiteElo "2228"]
[BlackElo "2045"]
[PlyCount "47"]
[EventDate "2022.04.15"]
[EventType "swiss"]
[EventRounds "8"]
[EventCountry "SWE"]
[SourceTitle "CBM 207 Extra"]
[Source "ChessBase"]
[SourceDate "2022.05.31"]
[SourceVersion "1"]
[SourceVersionDate "2022.05.31"]
[SourceQuality "1"]

1. d4 d5 2. Nc3 Nf6 3. Bf4 e6 4. Nb5 Na6 5. e3 c6 6. Nc3 b6 7. Nf3 Bd6 8. Ne5 Nb8 9. Qf3 Bb7 10. g4 h6 11. h4 Qc7 12. Bh3 Ne4 13. g5 hxg5 14. hxg5 g6 15. 0-0-0 Nxc3 16. bxc3 Rf8 17. Qg3 Ba3+ 18. Kd2 Qd8 19. Bxe6 fxe6 20. Rh7 Ba6 21. Rdh1 Bd6 22. Nxg6 Bxf4 23. exf4 Nd7 24. Qe3 1-0

[Event "Vaxjo op"]
[Site "Vaxjo"]
[Date "2022.03.05"]
[Round "6"]
[White "Kashwan, Hassan"]
[Black "Johnson, Daniel"]
[Result "0-1"]
[WhiteElo "1875"]
[BlackElo "2214"]
[PlyCount "86"]
[EventDate "2022.03.04"]
[EventType "swiss"]
[EventRounds "8"]
[EventCountry "SWE"]
[SourceTitle "EXT 2023"]
[Source "ChessBase"]
[SourceDate "2022.10.05"]
[SourceVersion "1"]
[SourceVersionDate "2022.10.05"]
[SourceQuality "1"]

1. d4 d5 2. Nf3 Nf6 3. Bf4 e6 4. e3 Bd6 5. Ne5 0-0 6. Nd2 c5 7. c3 Qc7 8. Bd3 Nbd7 9. Ndf3 Ne4 10. Nxd7 Bxd7 11. Ne5 Be8 12. Bxe4 dxe4 13. Bg3 Rd8 14. Qb3 cxd4 15. exd4 e3 16. fxe3 f6 17. Qxe6+ Kh8 18. Nd3 Bxg3+ 19. hxg3 Qxg3+ 20. Ke2 Qxg2+ 21. Nf2 Bd7 22. Qe4 Bb5+ 23. Ke1 Qxe4 24. Nxe4 Bc6 25. Ng3 Bxh1 26. Nxh1 f5 27. Kd2 g5 28. Nf2 Kg7 29. Rg1 h6 30. Nd3 Rde8 31. Ne5 Rxe5 32. dxe5 Re8 33. Ke2 Rxe5 34. Kf3 g4+ 35. Kf2 Rd5 36. e4 Rd2+ 37. Ke3 Rxb2 38. exf5 h5 39. a4 Kf6 40. Rh1 Kg5 41. f6 Rb6 42. Kd4 Rxf6 43. c4 g3 0-1

[Event "Malmo op"]
[Site "Malmo"]
[Date "2021.12.17"]
[Round "4"]
[White "Hillarp Persson, Tiger"]
[Black "Johnson, Daniel"]
[Result "1/2-1/2"]
[WhiteElo "2520"]
[BlackElo "2196"]
[PlyCount "127"]
[EventDate "2021.12.17"]
[EventType "swiss"]
[EventRounds "8"]
[EventCountry "SWE"]
[SourceTitle "CBM 205 Extra"]
[Source "ChessBase"]
[SourceDate "2022.01.31"]
[SourceVersion "1"]
[SourceVersionDate "2022.01.31"]
[SourceQuality "1"]

1. Nf3 d5 2. c4 e6 3. g3 Nf6 4. Bg2 Be7 5. 0-0 0-0 6. d4 dxc4 7. Qc2 a6 8. a4 Bd7 9. Qxc4 Bc6 10. Bf4 Bd6 11. Qc1 Nbd7 12. Nc3 Qe7 13. Re1 Bxf3 14. Bxf3 Bxf4 15. Qxf4 c6 16. a5 Rad8 17. Red1 e5 18. Qe3 Rfe8 19. d5 cxd5 20. Nxd5 Nxd5 21. Bxd5 Nf6 22. Bc4 Rxd1+ 23. Rxd1 Qb4 24. Qb3 Qxb3 25. Bxb3 Kf8 26. Rc1 Re7 27. Ba4 g6 28. Rc8+ Kg7 29. Kf1 Nd5 30. e4 Rc7 31. Rxc7 Nxc7 32. Bd7 Ne6 33. Bc8 Nd8 34. Ke2 Kf6 35. Kd3 Ke7 36. Kc4 Kd6 37. b4 Kc7 38. Bh3 Kd6 39. f4 f6 40. Bf1 Nc6 41. h4 h6 42. Bh3 g5 43. fxg5 fxg5 44. hxg5 hxg5 45. Bc8 Kc7 46. Be6 Kd6 47. Bd5 Kc7 48. Kc5 Nd4 49. Bc4 g4 50. Kd5 Nc6 51. Be2 Nxb4+ 52. Kxe5 Nc6+ 53. Kf6 Nxa5 54. Bxg4 Nc6 55. Be6 Kd6 56. g4 b5 57. g5 Ne5 58. Bd5 b4 59. Kf5 Nf3 60. g6 Nh4+ 61. Kf6 Nxg6 62. Kxg6 Ke5 63. Kg5 b3 64. Bxb3 1/2-1/2

[Event "Malmo op"]
[Site "Malmo"]
[Date "2021.12.17"]
[Round "3"]
[White "Johnson, Daniel"]
[Black "Brynell, Stellan"]
[Result "1/2-1/2"]
[WhiteElo "2196"]
[BlackElo "2418"]
[PlyCount "159"]
[EventDate "2021.12.17"]
[EventType "swiss"]
[EventRounds "8"]
[EventCountry "SWE"]
[SourceTitle "CBM 205 Extra"]
[Source "ChessBase"]
[SourceDate "2022.01.31"]
[SourceVersion "1"]
[SourceVersionDate "2022.01.31"]
[SourceQuality "1"]

1. d4 Nf6 2. c4 e6 3. Nc3 Bb4 4. Qc2 0-0 5. Nf3 c5 6. dxc5 Na6 7. g3 Nxc5 8. Bg2 b6 9. 0-0 Bb7 10. Rd1 Nfe4 11. Be3 Bxc3 12. bxc3 Rc8 13. Ne5 d6 14. Nd3 Qe7 15. a4 Nf6 16. Nxc5 dxc5 17. Bg5 Bxg2 18. Kxg2 Qb7+ 19. f3 Ng4 20. a5 h6 21. Bf4 e5 22. Qf5 exf4 23. Qxg4 fxg3 24. Rd7 Rc7 25. Rxc7 Qxc7 26. axb6 axb6 27. hxg3 Qe5 28. Ra2 Qxc3 29. Qe4 g6 30. g4 Rd8 31. Ra7 Qf6 32. Rb7 Kg7 33. Rc7 Rd4 34. Qe8 Rd8 35. Rxf7+ Qxf7 36. Qxd8 Qxc4 37. Qc7+ Qf7 38. Qxb6 c4 39. Qd4+ Kh7 40. Qc5 Qe6 41. e4 Kg7 42. Kf2 Kf7 43. Qc7+ Kg8 44. Ke3 h5 45. gxh5 gxh5 46. Qa5 Qf7 47. Qe5 Kh7 48. Kd4 h4 49. Qg5 Qxf3 50. Qxh4+ Kg6 51. Kxc4 Qe2+ 52. Kd4 Qd2+ 53. Ke5 Qc3+ 54. Ke6 Qc6+ 55. Ke5 Qc5+ 56. Kf4 Qc1+ 57. Kf3 Qf1+ 58. Ke3 Qc1+ 59. Kf3 Qf1+ 60. Qf2 Qxf2+ 61. Kxf2 Kf6 62. Kf3 Ke5 63. Ke3 Ke6 64. Kf4 Kf6 65. e5+ Ke6 66. Ke4 Ke7 67. Kd5 Kd7 68. Kd4 Ke6 69. Ke4 Ke7 70. Kf5 Kf7 71. e6+ Ke7 72. Ke5 Ke8 73. Kd5 Ke7 74. Ke5 Ke8 75. Kf6 Kf8 76. Kg6 Ke7 77. Kf5 Ke8 78. Kf6 Kf8 79. e7+ Ke8 80. Ke6 1/2-1/2